| 000 | 01036nam a22003378a 4500 | ||
|---|---|---|---|
| 003 | data | ||
| 005 | 20260322212045.0 | ||
| 008 | data | ||
| 010 | _a60011646 | ||
| 020 | _a0316184144 | ||
| 020 | _a0316184136(pbk.) | ||
| 020 | _a9780316184144 | ||
| 040 |
_aDLC _cDLC _dJQA |
||
| 043 | _an-us--- | ||
| 049 | _aJQAA | ||
| 092 | _a811.4 A1 1960 | ||
| 240 | 1 | 0 | _aPoems. |
| 245 | 0 | 4 |
_aThe complete poems of Emily Dickinson / _cedited by Emily Dickinson & Thomas Herbert Johnson. |
| 246 | 3 | 0 | _aEmily Dickinson. |
| 250 | _a[1st ed.] | ||
| 260 |
_aBoston : _bLittle, Brown, _cc1960. |
||
| 300 |
_axiii, 770 p. ; _c24 cm. |
||
| 500 | _a"The only one-volume edition containing all 1,775 of Emily Dickinson's poems."--Dust jacket. | ||
| 504 | _aIncludes bibliographical references (p. 719-720) and indexes. | ||
| 650 | 0 |
_aAmerican poetry _y19th century. |
|
| 650 | 0 |
_aChildren's poetry, American _y19th century. |
|
| 650 | 0 | _aPoetry. | |
| 700 | 1 |
_aDickinson, Emily, _d1830-1886. |
|
| 700 | 1 | _aJohnson, Thomas Herbert. | |
| 001 | data | ||
| 999 |
_c1056 _d1056 |
||